Vybrané nástroje marketingového mixu v konkrétnej firme bakalárska práca

Saved in:
Bibliographic Details
Main Author: Mikulová, Natália
Corporate Author: Obchodná fakulta EU. Katedra marketingu
Other Authors: Korčoková, Marína, 1970-
Format: Book
Language:Slovak
Published: Bratislava 2018
Tags: Add Tag
No Tags, Be the first to tag this record!

MARC

LEADER 00000nbm a2200000 4500
001 0245093
005 20180815090413.4
041 0 |a slo 
044 |a SK 
245 1 0 |a Vybrané nástroje marketingového mixu v konkrétnej firme  |b bakalárska práca  |c Natália Mikulová ; školiteľ: Marína Korčoková 
264 1 |a Bratislava  |c 2018 
300 |a 60 s. 
100 1 |a Mikulová, Natália 
700 1 |a Korčoková, Marína, 1970- 
710 2 |a Obchodná fakulta EU. Katedra marketingu